Les meilleurs marqueurs sur un match NBA - Statistiques

Statistiques générales
  • Ce quiz a été pris 105 fois
  • Le résultat moyen est 11 sur 15
Statistiques - réponses
Points Equipe Joueur % Correct
81 Los Angeles Lakers Kobe Bryant
99%
100 Philadelphie Warriors Wilt Chamberlain
96%
78 Philadelphie Warriors Wilt Chamberlain
96%
73 Philadelphie Warriors Wilt Chamberlain
96%
73 San Francisco Warriors Wilt Chamberlain
96%
72 San Francisco Warriors Wilt Chamberlain
96%
70 San Francisco Warriors Wilt Chamberlain
96%
73 Dallas Mavericks Luka Doncic
81%
70 Phoenix Suns Devin Booker
78%
70 Philadelphie 76ers Joël Embiid
71%
71 Portland Trail Blazers Damian Lillard
68%
71 Cleveland Cavaliers Donovan Mitchell
59%
71 San Antonio Spurs David Robinson
49%
71 Los Angeles Lakers Elgin Baylor
26%
73 Denver Nuggets David Thompson
22%
Aucun quiz correspondant
Distribution des résultats
% des personnes avec chaque résultat
Percentile par nombre de réponses
Votre historique - résultats
Vous n’avez pas pris ce quiz